| 000 | 00505nam a2200145Ia 4500 | ||
|---|---|---|---|
| 008 | 170221s9999 xx 000 0 und d | ||
| 100 | _aKathleen Czech | ||
| 245 | _aCommunication, Leadership, and Job Satisfaction: Perspectives on Supervisor-Subordinate Relationships | ||
| 245 | _cKathleen Czech, G. L. Forward | ||
| 260 | _bStudies in Media and Communication | ||
| 260 | _c2016 | ||
| 650 | _xCommunication | ||
| 650 | _xMedia Arts | ||
| 856 | _uhttp://redfame.com/journal/index.php/smc/issue/view/7 | ||
| 999 |
_c309130 _d309130 |
||